Trnava

Zobrazenie: Pohľad z parčíku na nárožnú budovu evanjelického domu, v popredí okrúhly kvetinový záhon s aloe vera. Vľavo v pozadí tri ženy zozadu. Vpravo dolu vedľa kvetinového zánohu kvočí malé dievčatko s bielym ručníkom na hlave

Bibliographic Details
Format: Postcard
Language:Slovak
PhysicalDescription:1 pohľadnica čiernobiela 9 x 14 cm
Published: Bratislava Slovenské vydavateľstvo politickej literatúry 1961
Subjects:

MARC

LEADER 00000ckm a2200000 a 4500
001 vtls011636720
003 SK-MaSNL
005 20260512124646.0
007 kp bo
008 240131s1961 xo g 00 kuslo
015 |a SNBG1961 
035 |a urn:nbn:sk:snk-km00dnzb 
035 |a urn:nbn:sk:snk-km3lzaf 
035 |a E9446968-7B7F-4FF6-A56E-E47CDF066640 
040 |a SNK  |b slo  |c SNK  |e AACR2 
041 0 |a slo 
043 |a e-xo--- 
044 |a xo  |c SK 
072 7 |a 913  |x Regionálna geografia  |2 konspekt 
072 7 |a 712  |x Plánovanie krajiny. Parky. Záhrady  |2 konspekt 
080 |a (084.121)  |2 2011 
080 |a 913(437.6)  |2 2011 
080 |a 712.253  |2 2011 
245 0 0 |a Trnava  |h grafika 
260 |a Bratislava  |b Slovenské vydavateľstvo politickej literatúry  |c 1961 
300 |a 1 pohľadnica  |b čiernobiela  |c 9 x 14 cm 
520 8 |a Zobrazenie: Pohľad z parčíku na nárožnú budovu evanjelického domu, v popredí okrúhly kvetinový záhon s aloe vera. Vľavo v pozadí tri ženy zozadu. Vpravo dolu vedľa kvetinového zánohu kvočí malé dievčatko s bielym ručníkom na hlave 
650 0 7 |a parky  |2 SNKPH  |9 2942 
651 7 |a Trnava (Slovensko)  |2 SNKPHgeo  |9 19407 
655 7 |a miestne pohľadnice  |2 SNKPH  |9 70510 
852 |a Slovenská národná knižnica 
958 |a GBN 
958 |a GC 
958 |a OND 
958 |a EUIPO 
999 |c 937293  |d 939223 
952 |a SNK  |b SNK  |y PREZ  |7 0  |p 17A1225781  |o snkSP 24952  |z Pohľadnica prešla poštou.  |0 0  |1 0  |4 0  |d 2017-06-16  |f 1  |l 0  |r 2026-02-24 09:07:45  |w 2026-02-24